The Greek and Macedonian art of war

Αποθηκεύτηκε σε:
Λεπτομέρειες βιβλιογραφικής εγγραφής
Κύριος συγγραφέας: Adcock, F. E. (Frank E.) 1886-1968
Μορφή: Βιβλίο
Γλώσσα:English
Δημοσίευση: Berkeley : University of California Press, c1957
Σειρά:History/Classics
Θέματα:
Ετικέτες: Προσθήκη ετικέτας
Δεν υπάρχουν, Καταχωρήστε ετικέτα πρώτοι!

MARC

LEADER 00000nam a2200000 i 4500
001 1/69163
008 981102s1957 eng d
020 |a 0-520-00005-6 
035 |l 10030328 
040 |a GR-MY-UA  |b gre  |e aacr 
041 0 |a eng 
082 0 |a 938.17 
100 1 |a Adcock, F. E.  |q (Frank E.)  |d 1886-1968. 
245 1 4 |a The Greek and Macedonian art of war /  |c by Frank E. Adcock 
260 |a Berkeley :   |b University of California Press,   |c c1957 
300 |a 109 p. 
490 1 |a History/Classics 
504 |a Includes index 
651 0 |a Macedonia  |x History. 
651 0 |a Greece  |x History. 
830 0 |a History/Classics 
852 |a INST  |b LESVOS  |e 19981102  |h 938.17 ADC  |p 005100017688  |q 005100017688  |t BK  |y 0 
901 |a BIBL1-1999-1 
909 |a Λ  |b 059747 
922 |a 1ΕΛΗ  |b 199810  |c ΚΠΣ/ΤΚΑ  |d ΠΑΠΑΣΩΤΗΡΙΟΥ 
950 |a 117-1998-07-11 
970 |z 2000/06/ΟΙΚΟΝΟΜΟΠΟΥΛΟΥ ΧΡΙΣΤΙΝΑ